000
00266nam a22001097a 4500
008
170116b xxu||||| |||| 00| 0 eng d
020
_a
9780781782692
041
_a
eng
080
_2
6TH
_a
618.2
245
_a
PRACTICAL/ VOCATIONAL NURSING
_c
KURZEN, C.R
942
_2
udc
_c
BK
999
_c
2905
_d
2905